An introduction to Japanese trade unionism
Gorde:
| Egile nagusia: | |
|---|---|
| Formatua: | Liburua |
| Hizkuntza: | Undetermined |
| Argitaratua: |
Ithaca
New York State School of Industrial and Labor Relations, Cornell University
1966
|
| Gaiak: | |
| Etiketak: |
Etiketa erantsi
Etiketarik gabe, Izan zaitez lehena erregistro honi etiketa jartzen!
|
| Thư viện lưu trữ: | Trung tâm Học liệu Trường Đại học Cần Thơ |
|---|
| LEADER | 00569nam a2200193Ia 4500 | ||
|---|---|---|---|
| 001 | CTU_77532 | ||
| 008 | 210402s9999 xx 000 0 und d | ||
| 082 | |a 331.880952 | ||
| 082 | |b C771 | ||
| 100 | |a Cook, Alice H. | ||
| 245 | 3 | |a An introduction to Japanese trade unionism | |
| 245 | 0 | |c Alice H. Cook | |
| 260 | |a Ithaca | ||
| 260 | |b New York State School of Industrial and Labor Relations, Cornell University | ||
| 260 | |c 1966 | ||
| 650 | |a Labor unions | ||
| 650 | |z Japan | ||
| 904 | |i Trọng Hải | ||
| 980 | |a Trung tâm Học liệu Trường Đại học Cần Thơ | ||